| 000 | 00832nam a2200229Ii 4500 | ||
|---|---|---|---|
| 003 | JO-AjNU | ||
| 008 | 230605s9999||||xx |||||||||||||| ||und|| | ||
| 017 | _a22/1803 | ||
| 020 | _a9960-853-52-5 | ||
| 040 |
_aJO-AjNU _bara _erda _cJO-AjNU |
||
| 041 | _aara | ||
| 050 | 1 | 4 | _aDS62.8.S576 2001 |
| 100 | 3 |
_aالسرياني، محمد محمود, _eauthor _956905 |
|
| 245 | 0 | 0 | _aالحدود الدولية في الوطن العربي: نشأتها وتطورها ومشكلاتها |
| 250 | _aط1 | ||
| 264 | 3 | 1 | _aالرياض: أكاديمية نايف العربية للعلوم الامنية، 2001 |
| 300 |
_a356ص _bالمراجع ص 344-356 |
||
| 336 |
_atext _btxt _2rdacontent |
||
| 337 |
_aunmediated _bn _2rdamedia |
||
| 338 |
_avolume _bnc _2rdacarrier |
||
| 650 | 4 |
_aالبلاد العربية- حدود _956906 |
|
| 999 |
_aA25469 _c29037 _d29037 |
||